How CVAs affect landlords (Record no. 85188)

MARC details
000 -LEADER
fixed length control field 00877cab a22002175a 4500
001 - CONTROL NUMBER
control field L160210
008 - FIXED-LENGTH DATA ELEMENTS--GENERAL INFORMATION
fixed length control field 190226e2019 xxk 000 0 eng d
035 ## - SYSTEM CONTROL NUMBER
System control number (Sirsi) u160210
041 0# - LANGUAGE CODE
Language code of text/sound track or separate title eng
100 1# - MAIN ENTRY--PERSONAL NAME
Personal name Young, Nathanael
245 00 - TITLE STATEMENT
Title How CVAs affect landlords
Medium [electronic resource]
490 ## - SERIES STATEMENT
Series statement RICS Property Journal
Volume/sequential designation January/February 2019, 28-29(3)
520 ## - SUMMARY, ETC.
Summary, etc. Explains the Company Voluntary Arrangements (CVA) process as an insolvency procedure. Considers the position of landlords under a CVA.
590 ## - LOCAL NOTE (RLIN)
Local note NTK
650 24 - SUBJECT ADDED ENTRY--TOPICAL TERM
Topical term or geographic name entry element COMPULSORY VOLUNTARY ARRANGEMENTS
651 #4 - SUBJECT ADDED ENTRY--GEOGRAPHIC NAME
Geographic name United Kingdom
Chronological subdivision
690 ## - LOCAL SUBJECT ADDED ENTRY--TOPICAL TERM (OCLC, RLIN)
Topical term or geographic name as entry element Insolvency
9 (RLIN) 6247
690 ## - LOCAL SUBJECT ADDED ENTRY--TOPICAL TERM (OCLC, RLIN)
Topical term or geographic name as entry element Investments
9 (RLIN) 6250
856 40 - ELECTRONIC LOCATION AND ACCESS
Uniform Resource Identifier <a href="https://www.rics.org/globalassets/rics-website/media/news/journals/property/property-journal-jan-feb-19-rics.pdf">https://www.rics.org/globalassets/rics-website/media/news/journals/property/property-journal-jan-feb-19-rics.pdf</a>
Public note View the item free of charge from the www.rics.org website
942 ## - ADDED ENTRY ELEMENTS (KOHA)
Suppress in OPAC 0
Holdings
Withdrawn status Lost status Source of classification or shelving scheme Damaged status Not for loan Home library Current library Shelving location Date acquired Total Checkouts Full call number Barcode Date last seen Copy number Price effective from Koha item type
    Dewey Decimal Classification     Virtual Virtual Journals 26/02/2019   ONLINE PUBLICATON 160210-2001 06/08/2019 1 06/08/2019 Journal article